The foreign language educator in society: toward a critical pedagogy

Salvato in:
Dettagli Bibliografici
Autori principali: Reagan, Timothy G (Autore), Osborn, Terry A (Autore)
Natura: Libro
Lingua:inglese
Pubblicazione: Mahwah Lawrence Erlbaum Associates 2002
Soggetti:
Tags: Aggiungi Tag
Nessun Tag, puoi essere il primo ad aggiungerne!!

MARC

LEADER 00000nam a2200000 a 4500
001 UCM3416
003 CL-VaPUC
008 020705e20020000us |||||||||||||||||eng|d
082 0 4 |a 418.007  |b REA  |2 21 
100 0 |a Reagan, Timothy G  |e author  |9 470212 
700 0 |a Osborn, Terry A  |e author  |9 470213 
245 1 4 |a The foreign language educator in society: toward a critical pedagogy 
300 |a 185 p 
942 |c BK 
945 |d 20020705 00:00:00  |a cmena 
260 |a Mahwah  |b Lawrence Erlbaum Associates  |c 2002 
650 0 |a Lingüística aplicada   |9 313266 
650 0 |a Educación lingüística  |9 306506 
650 0 |a Métodos de enseñanza  |9 270413 
650 7 |a METALINGUISTICA  |2 CL-VaPUC  |9 470214 
583 |a last modification  |c 20171120 05:05:00  |k Rodrigo Vera 
999 |c 300783  |d 300781 
952 |0 0  |1 0  |4 0  |6 418_007000000000000_REA_2002  |7 0  |8 A  |9 359057  |a FDOPOS  |b FDOPOS  |d 2019-11-21  |i 3826767  |o 418.007 REA 2002  |p 3826767  |r 2025-01-22  |w 2019-11-21  |y BK  |k MLA